|
|
|
|
| LEADER |
00000nab a2200000 a 4500 |
| 001 |
vtls011586784 |
| 003 |
SK-MaSNL |
| 005 |
20260318124151.0 |
| 008 |
161017c2016 xo er p 000 c0ukr |
| 015 |
|
|
|a SNBRB2016/10
|
| 038 |
|
|
|a SVKPOCL
|
| 040 |
|
|
|a SVKPOCL
|b slo
|c SVKPOCL
|e AACR2
|
| 041 |
0 |
|
|a ukr
|
| 044 |
|
|
|a xo
|c SK
|
| 080 |
|
|
|a 80(=16)+908(4)
|2 2011
|
| 080 |
|
|
|a 80(=161.25)+908(437.6)
|2 2011
|
| 080 |
|
|
|a 7.038.51
|2 2011
|
| 080 |
|
|
|a 75.051
|2 2011
|
| 080 |
|
|
|a 929 Warhol, Andy
|2 2011
|
| 100 |
1 |
|
|a Medviď, Peter,
|d 1981-
|4 aut
|9 268505
|
| 245 |
1 |
0 |
|a Polyvka, mačka, pyrohŷ zlodijstvo
|c Petro Medvid'
|
| 300 |
|
|
|b Fotogr.
|
| 500 |
|
|
|a Medvid', Petro pozri Medviď, Peter
|
| 600 |
1 |
7 |
|a Warhol, Andy,
|d 1928-1987
|2 svkpocl
|9 97490
|
| 610 |
2 |
7 |
|a Springfield Art Museum (Springfield, Missouri)
|2 svkpocl
|9 1276243
|
| 648 |
|
7 |
|a 7.4.2016
|2 svkpocl
|9 1090370
|
| 650 |
0 |
7 |
|a pop art
|2 svkpocl
|9 75497
|
| 650 |
0 |
7 |
|a rusinistika
|2 svkpocl
|9 90871
|
| 650 |
0 |
7 |
|a slavistika
|2 svkpocl
|9 4282
|
| 650 |
0 |
7 |
|a obrazy
|2 svkpocl
|9 29735
|
| 650 |
0 |
7 |
|a krádeže
|2 svkpocl
|9 2230
|
| 651 |
|
7 |
|a Springfield (Mo.)
|2 svkpocl
|9 52411
|
| 773 |
0 |
|
|t Info Rusyn
|g Roč. XIII, č. 8 (2016), s. 12
|
| 852 |
|
|
|a SVKPO
|b KIS3GCP
|
| 856 |
4 |
1 |
|u www.rusyn.sk
|
| 958 |
|
|
|a RN
|
| 958 |
|
|
|a SK
|
| 958 |
|
|
|a SS
|
| 958 |
|
|
|a BC
|
| 958 |
|
|
|a US
|
| 999 |
|
|
|c 2531759
|d 2533689
|